[Event "Harrogate 4NCL op-A 31st"]
[Site "Harrogate"]
[Date "2024.01.20"]
[Round "2"]
[White "Patel, Keatan"]
[Black "Bak, Christopher"]
[Result "0-1"]
[WhiteElo "1799"]
[BlackElo "1973"]
[PlyCount "58"]
[EventDate "2024.01.19"]
[EventType "swiss"]
[EventRounds "5"]
[EventCountry "ENG"]
[SourceTitle "CBM 218 Extra"]
[Source "ChessBase"]
[SourceDate "2024.03.31"]
[SourceVersion "1"]
[SourceVersionDate "2024.03.31"]
[SourceQuality "1"]

1. e4 g6 2. d4 Bg7 3. c4 d6 4. Nc3 e5 5. Be3 Nc6 6. d5 Nd4 7. Bxd4 exd4 8. Nce2 c5 9. g3 Qe7 10. Bg2 f5 11. Qd3 Nf6 12. f3 fxe4 13. fxe4 Ng4 14. Nf3 Ne3 15. Kf2 Ng4+ 16. Kg1 Bh6 17. Nf4 0-0 18. h3 Bxf4 19. gxf4 Ne3 20. e5 Rxf4 21. e6 b5 22. b3 bxc4 23. bxc4 Ba6 24. Rc1 Rb8 25. Rh2 Rb4 26. Nd2 Qh4 27. Be4 Bxc4 28. Nxc4 Rxc4 29. Rxc4 Qe1+ 0-1

[Event "Scarborough op"]
[Site "Scarborough"]
[Date "2023.10.28"]
[Round "2"]
[White "Patel, Keatan"]
[Black "Harkness, Bryan"]
[Result "1/2-1/2"]
[WhiteElo "1700"]
[BlackElo "2010"]
[PlyCount "36"]
[EventDate "2023.10.27"]
[EventType "swiss"]
[EventRounds "5"]
[EventCountry "ENG"]
[SourceTitle "CBM 217 Extra"]
[Source "ChessBase"]
[SourceDate "2024.01.31"]
[SourceVersion "1"]
[SourceVersionDate "2024.01.31"]
[SourceQuality "1"]

1. Nf3 Nf6 2. d4 g6 3. c4 Bg7 4. Nc3 d5 5. Qb3 dxc4 6. Qxc4 0-0 7. e4 a6 8. Qb3 c5 9. dxc5 Qc7 10. Qb6 Qxb6 11. cxb6 Nbd7 12. Bd3 Nxb6 13. Be3 Nbd7 14. h3 Nb8 15. Na4 Nfd7 16. Nd4 b5 17. Nc3 Ne5 18. Be2 Nbc6 1/2-1/2